Aix-en-Provence, Aix-la-Chapelle ou Aix-les-Bains? - Statistiques

Statistiques générales
  • Ce quiz a été pris 100 fois
  • Le résultat moyen est 9 sur 15
Statistiques - réponses
Question Réponse % Correct
Se situe dans l'agglomération de Marseille Aix-en-Provence
93%
Borde un lac Aix-les-Bains
85%
Les calissons en sont une spécialité Aix-en-Provence
84%
Se situe dans les alpes Aix-les-Bains
84%
Est germanophone Aix-la-Chapelle
80%
A été la capitale de l'empire carolingien Aix-la-Chapelle
79%
Agglomération la plus peuplée Aix-en-Provence
70%
Alphonse de Lamartine y écrit Le Lac, grand poème romantique Aix-les-Bains
64%
Borde directement une frontière internationale Aix-la-Chapelle
62%
Se situe le plus proche de l'Italie Aix-les-Bains
62%
Aucun cours d'eau ne traverse son centre-ville Les trois
36%
Ville intra-muros la plus peuplée Aix-la-Chapelle
34%
Est une ville d'eau Les trois
28%
Fondée à l'époque romaine Les trois
18%
On peut y trouver un beffroi Aix-en-Provence
5%
Aucun quiz correspondant
Distribution des résultats
% des personnes avec chaque résultat
Percentile par nombre de réponses
Votre historique - résultats
Vous n’avez pas pris ce quiz